| 000 | 00747nam a22002057a 4500 | ||
|---|---|---|---|
| 003 | NUST-PNEC | ||
| 005 | 20170116180844.0 | ||
| 008 | 140507b xxu||||| |||| 00| 0 eng d | ||
| 020 | _a 8120330439 | ||
| 040 | _cPNEC | ||
| 082 | _a658.4034 TAH | ||
| 100 |
_993 _aTaha, A. Hamdy |
||
| 245 |
_aOperations Research _bAn Introduction _cHamdy A. Taha |
||
| 250 | _a8th ed. | ||
| 260 |
_aNew Dehli _bDorling Kindersly(India)Pvt.Ltd _cc.2008 |
||
| 300 |
_axix, 775 p. : _bill. : _c24 cm. |
||
| 500 | _aIncludes Index http://www.amazon.com/Operations-Research-Introduction-Hamdy-Taha/dp/8120330439/ref=sr_1_fkmr0_3?s=books&ie=UTF8&qid=1399462437&sr=1-3-fkmr0&keywords=operations+research+an+introduction+2008+hamdy | ||
| 650 | _xMIS | ||
| 942 |
_2ddc _cBK |
||
| 999 |
_c64449 _d64449 |
||